10 to 1: Candy Quiz Stats

Quiz Updated Aug 13, 2017

Also try: Candy!!!
Challenge
Share
Tweet
Embed
Score 0/55 Timer 10:00
10 Plays Today
% Correct
Red
88.3%
Willy Wonka
87.4%
Doublemint
87.4%
Mr. Goodbar
87.2%
Caramel
87.2%
Germany
86.9%
Green
86.7%
Skittles
86.6%
Kisses
86.3%
Halloween
86.2%
Almond Joy
86.2%
Winterfresh
86.1%
Starburst
85.8%
Bubble Tape
85.8%
Valentine's Day
85.7%
Orange
85.3%
Easter
84.9%
Hubba Bubba
84.6%
Purple
84.5%
Freedent
84.1%
Russia
84%
PiƱa Colada
83.9%
Nougat
83.7%
Peanuts
83.5%
United States
83.4%
Gummy Bears
83.4%
Buttered Popcorn
83.4%
Milk Duds
82.5%
% Correct
SweeTarts
82.5%
Yellow
82.3%
Mango
81.6%
Heath Bar
81.6%
Black
81.4%
Tan
81.3%
Sunkist Lemon
80.2%
Brazil
80.1%
Orbit
79.9%
Big Red
79.6%
Sunkist Lime
79.1%
Mounds
78.9%
Laffy Taffy
78.7%
Corn Syrup
78.3%
China
78.1%
Krackel
77.4%
Pomegranate
76.1%
Twizzlers
76.1%
Whoppers
75.8%
Eclipse
75%
Toasted Marshmallow
74.6%
Caramel Corn
74.4%
Kit Kat
73.8%
United Kingdom
73.8%
York Peppermint Pattie
71.8%
A&W Root Beer
71.6%
Runts
70.8%

You're not logged in!

Compare scores with friends on all Sporcle quizzes.
Sign Up with Email
OR
Log In

You Might Also Like...

Show Comments

Extras

Top Quizzes Today


Score Distribution

Your Account Isn't Verified!

In order to create a playlist on Sporcle, you need to verify the email address you used during registration. Go to your Sporcle Settings to finish the process.